000 01267 a2200229 4500
001 61446
005 20260407155905.0
008 260407a2024 arg spa d
003 AR-UNSa-BCEJYS
040 _aAR-UNSa-BCEJYS
_bspa
_cAR-UNSa-BCEJYS
080 _a343.53
_xFraudes en el comercio y en la industria (Derecho Penal Económico)
245 1 0 _aLavado de activos ilícitos mediante criptomonedas
_pAspectos sustantivos y procesales del fenómeno criminial. Las operaciones con criptomonedas en la Ley 27.739
020 _a978-987-745-291-4
264 1 _aBuenos Aires :
_bAD-HOC
_c2024
300 _a199 p.
_c23 cm.
505 _a1. Delimitación metodología - 2. Contexto regulatorio nacional – 3. Consideraciones relevantes sobre bitcoin – 4. Criptomoneda (en especial bitcoin) como herramienta para lavar activos ilícitos – 5. Caso “Bobinas blancas”: criptolavado de activos ilícitos, resultado típico y conductas neutrales – 6. Técnicas especiales de investigación y procedimiento de incautación de criptomonedas
041 _aspa
942 _cBK
590 _aniveau_biblio:m niveau_hierar:0
100 1 _aLinares, María Belén
856 4 1 _uhttps://biblioeco.unsa.edu.ar/pmb/images/libros/L129337.jpg
_yImagen de portada
_qimage/jpeg
999 _c7318
_d7318